Statystyki dla "Tradycyjne religie Federacji Rosyjskiej"

Kliknij tutaj aby rozwiązać quiz!

Ogólne statystyki

  • Ten quiz został rozwiązany 40 razy
  • Średni wynik to 3 z 4

Statystyki odpowiedzi

% populacjiReligia% Poprawnych
71%Prawosławie
100%
10-11%Islam
90%
Ok. 1%Buddyzm
67%
1,8%Protestantyzm
33%

Rozkład punktacji

Percentyl według liczby udzielonych odpowiedzi

Procent ludzi z każdym wynikiem

Twoja historia wyników

Nie rozwiązałeś tego quizu